000 00671nam a22002057a 4500
003 OSt
005 20260128093624.0
008 230405b ||||| |||| 00| 0 eng d
040 _cOst
041 _ashan
082 _a375
245 _aၽႃႇသႃႇတႆးၸၼ်ႉႁူၵ်း။
_cငဝ်ႈငုၼ်းၾိင်ႈငႄႈလိၵ်ႈလၢႆးပၢႆးပိင်ႇၺႃႇတႆး
260 _c2003
300 _a(ၵ)၊ 228 ၼႃႈ
_c19 ၸိၼ်ႇထီႇ
500 _a S-SAT: Dr. Prof Sai Aung Tun
650 _aပပ်ႉၵၢၼ်ႁဵၼ်း
_97196
942 _cBK
942 _2ddc
942 _2ddc
999 _c23750
_d23750